000 00281nam a22001337a 4500
008 170529b xxu||||| |||| 00| 0 eng d
020 _a9780782143317
041 _aeng
080 _23RD
_a621
100 _a26
101 _aIM
245 _aCABLING
_cBARNETT, D
942 _2udc
_cBK
999 _c14899
_d14899